Normal view
MARC view
- Goshtasby, Ardeshir
Entry Personal Name
001 - CONTROL NUMBER
- control field: 83282
003 - CONTROL NUMBER IDENTIFIER
- control field: NUST
005 - DATE AND TIME OF LATEST TRANSACTION
- control field: 20211020152912.0
008 - FIXED-LENGTH DATA ELEMENTS
- fixed length control field: 211020|| aca||aabn | a|a d
040 ## - CATALOGING SOURCE
- Original cataloging agency: NUST
- Transcribing agency: NUST
100 ## - HEADING--PERSONAL NAME
- Personal name: Goshtasby, Ardeshir
670 ## - SOURCE DATA FOUND
- Source citation: Work cat.: (NUST)32462: Goshtasby, Ardeshir., 2-D and 3-D image registration for medical, remote sensing, and industrial applications /, c2005.
